000 00285nam a2200121Ia 4500
008 190216s9999||||xx |||||||||||||| ||und||
100 _aThapan Mahacharya
245 0 _aHindi-Sreekrishna Hua Bahuman
260 _bNational Book Stall
300 _a133
650 _aHindi
942 _cBK
999 _c16295
_d16295